[Event "CZE-chT2F 2223"]
[Site "Czech Republic"]
[Date "2023.01.08"]
[Round "6"]
[White "Kvicala, Miroslav"]
[Black "Stonawski, Igor"]
[Result "0-1"]
[WhiteElo "2020"]
[BlackElo "1948"]
[PlyCount "78"]
[EventDate "2022.10.16"]
[EventType "team-tourn"]
[EventRounds "11"]
[EventCountry "CZE"]
[SourceTitle "EXT 2024"]
[Source "ChessBase"]
[SourceDate "2023.10.10"]
[SourceVersion "1"]
[SourceVersionDate "2023.10.10"]
[SourceQuality "1"]
[WhiteTeam "Trinec II"]
[BlackTeam "Cesky Tesin Slavoj"]
[WhiteTeamCountry "CZE"]
[BlackTeamCountry "CZE"]

1. d4 g6 2. c4 Bg7 3. Nc3 d6 4. Nf3 Nd7 5. e4 e5 6. Be2 Ngf6 7. dxe5 dxe5 8. 0-0 0-0 9. Qc2 c6 10. b4 a5 11. bxa5 Rxa5 12. a4 Re8 13. Ba3 Bf8 14. Nd2 Bxa3 15. Rxa3 Qe7 16. Raa1 Nc5 17. Nb3 Nxb3 18. Qxb3 Qc5 19. Rac1 Qa7 20. Rfd1 Nd7 21. Ra1 Kg7 22. Qb4 Nc5 23. Rd2 Be6 24. h3 Ra8 25. Rb2 Bc8 26. Rba2 Ne6 27. Bg4 Qd4 28. Rd1 Qc5 29. Qxc5 Rxc5 30. Be2 Nd4 31. Bf1 Be6 32. Ne2 Bxc4 33. Rc1 Bxa2 34. Rxc5 Kf6 35. Nxd4 exd4 36. e5+ Ke6 37. a5 Bd5 38. f4 g5 39. fxg5 Kxe5 0-1

[Event "CZE-chT2F 2223"]
[Site "Czech Republic"]
[Date "2022.12.18"]
[Round "5"]
[White "Slanina, Miroslav"]
[Black "Kvicala, Miroslav"]
[Result "1/2-1/2"]
[WhiteElo "2138"]
[BlackElo "2020"]
[PlyCount "70"]
[EventDate "2022.10.16"]
[EventType "team-tourn"]
[EventRounds "11"]
[EventCountry "CZE"]
[SourceTitle "EXT 2024"]
[Source "ChessBase"]
[SourceDate "2023.10.10"]
[SourceVersion "1"]
[SourceVersionDate "2023.10.10"]
[SourceQuality "1"]
[WhiteTeam "Dobra Sokol"]
[BlackTeam "Trinec II"]
[WhiteTeamCountry "CZE"]
[BlackTeamCountry "CZE"]

1. d4 f5 2. Nf3 Nf6 3. Bf4 g6 4. e3 Bg7 5. c3 0-0 6. Nbd2 d6 7. h3 Qe8 8. Bc4+ Kh8 9. Qb3 Nc6 10. Be2 e5 11. dxe5 dxe5 12. Bh2 a6 13. 0-0 h6 14. Nc4 Ne4 15. Qc2 g5 16. Nfd2 Nxd2 17. Nxd2 h5 18. e4 f4 19. Qd1 g4 20. hxg4 Rg8 21. gxh5 Bh6 22. Kh1 Qe7 23. Bf3 Qh4 24. Qe2 Be6 25. Rg1 Rg7 26. Nf1 Rag8 27. Nd2 Nd8 28. g3 Qf6 29. Nf1 Nf7 30. gxf4 Bxf4 31. Ng3 Nh6 32. Rad1 Qh4 33. Rg2 Bh3 34. Rgg1 Be6 35. Rg2 Bh3 1/2-1/2

[Event "CZE-chT2F 2223"]
[Site "Czech Republic"]
[Date "2022.12.04"]
[Round "4"]
[White "Kvicala, Miroslav"]
[Black "Krupa, Radim"]
[Result "1-0"]
[WhiteElo "2020"]
[BlackElo "2007"]
[PlyCount "61"]
[EventDate "2022.10.16"]
[EventType "team-tourn"]
[EventRounds "11"]
[EventCountry "CZE"]
[SourceTitle "EXT 2024"]
[Source "ChessBase"]
[SourceDate "2023.10.10"]
[SourceVersion "1"]
[SourceVersionDate "2023.10.10"]
[SourceQuality "1"]
[WhiteTeam "Trinec II"]
[BlackTeam "Dolni Benesov"]
[WhiteTeamCountry "CZE"]
[BlackTeamCountry "CZE"]

1. d4 f5 2. Nf3 Nf6 3. g3 d6 4. Bg2 g6 5. c4 Bg7 6. 0-0 0-0 7. b4 c6 8. Bb2 Ne4 9. Nbd2 Nxd2 10. Qxd2 Qc7 11. e3 e5 12. dxe5 dxe5 13. Rfd1 Nd7 14. Ng5 Nb6 15. Qc2 h6 16. Nf3 Be6 17. Nd2 Qf7 18. Rac1 g5 19. a4 a6 20. a5 Nd7 21. f4 Kh8 22. c5 Rae8 23. Nc4 Bxc4 24. Qxc4 Qe7 25. Rd6 Qf7 26. Qxf7 Rxf7 27. Rcd1 Ree7 28. Bf1 Bf6 29. Bc4 Rg7 30. Kf1 gxf4 31. exf4 1-0

[Event "CZE-chT2F 2223"]
[Site "Czech Republic"]
[Date "2022.11.20"]
[Round "3"]
[White "Zidek, Vaclav"]
[Black "Kvicala, Miroslav"]
[Result "0-1"]
[WhiteElo "2133"]
[BlackElo "2020"]
[PlyCount "56"]
[EventDate "2022.10.16"]
[EventType "team-tourn"]
[EventRounds "11"]
[EventCountry "CZE"]
[SourceTitle "EXT 2024"]
[Source "ChessBase"]
[SourceDate "2023.10.10"]
[SourceVersion "1"]
[SourceVersionDate "2023.10.10"]
[SourceQuality "1"]
[WhiteTeam "Poruba Slavoj III"]
[BlackTeam "Trinec II"]
[WhiteTeamCountry "CZE"]
[BlackTeamCountry "CZE"]

1. d4 Nf6 2. c4 c5 3. d5 b5 4. cxb5 a6 5. f3 g6 6. e4 d6 7. Na3 Bg7 8. Ne2 0-0 9. Nc3 e6 10. Bc4 exd5 11. Nxd5 Be6 12. 0-0 axb5 13. Nxb5 Nc6 14. Bg5 Bxd5 15. Bxd5 Qb6 16. Bxc6 Qxc6 17. a4 d5 18. Bxf6 Qxf6 19. Rb1 dxe4 20. fxe4 Qh4 21. Qc2 Be5 22. g3 Qg4 23. Nc3 h5 24. Kg2 h4 25. Ne2 hxg3 26. Nxg3 Kg7 27. Qxc5 Bxg3 28. Qd4+ Be5+ 0-1

[Event "CZE-chT2F 2122"]
[Site "Czech Republic"]
[Date "2022.04.03"]
[Round "11.7"]
[White "Paseka, Matyas"]
[Black "Kvicala, Miroslav"]
[Result "1-0"]
[WhiteElo "2007"]
[BlackElo "2021"]
[PlyCount "107"]
[EventDate "2021.10.17"]
[EventType "team-tourn"]
[EventRounds "11"]
[EventCountry "CZE"]
[SourceTitle "EXT 2024"]
[Source "ChessBase"]
[SourceDate "2023.10.10"]
[SourceVersion "1"]
[SourceVersionDate "2023.10.10"]
[SourceQuality "1"]
[WhiteTeam "Frydek Mistek III"]
[BlackTeam "Trinec II"]
[WhiteTeamCountry "CZE"]
[BlackTeamCountry "CZE"]

1. e4 e6 2. d4 d5 3. Nd2 c5 4. exd5 Qxd5 5. Ngf3 cxd4 6. Bc4 Qd6 7. 0-0 Nf6 8. Nb3 Nc6 9. Nbxd4 Nxd4 10. Nxd4 Be7 11. c3 0-0 12. Qf3 a6 13. Re1 Qc7 14. Bb3 Re8 15. h3 Bd7 16. Bf4 Bd6 17. Bg5 Be7 18. Rad1 Rac8 19. Bf4 Qb6 20. Be5 Red8 21. Rd2 Bc6 22. Nxc6 Qxc6 23. Rxd8+ Bxd8 24. Qe2 Be7 25. Rd1 Rd8 26. Rxd8+ Bxd8 27. Qd3 Be7 28. Bc2 g6 29. Qd4 Nd5 30. c4 Nb4 31. Be4 Qc8 32. Qa7 Nc6 33. Bxc6 Qxc6 34. Qb8+ Bf8 35. Bc3 Qd6 36. Qxb7 Qd1+ 37. Kh2 Qd6+ 38. g3 Qc5 39. Qf3 f5 40. Qe2 Kf7 41. b4 Qc6 42. Qd3 Qa4 43. Qd2 h5 44. h4 Qc6 45. Qd4 Be7 46. Qg7+ Ke8 47. Qxg6+ Kd7 48. c5 Qf3 49. Bd4 Bxh4 50. c6+ Kxc6 51. Qxe6+ Kb7 52. Qd7+ Kb8 53. Be5+ Ka8 54. Qc8+ 1-0

[Event "CZE-chT2F 2122"]
[Site "Czech Republic"]
[Date "2021.11.21"]
[Round "3.7"]
[White "Kvicala, Miroslav"]
[Black "Krupa, Radim"]
[Result "1/2-1/2"]
[WhiteElo "2021"]
[BlackElo "2028"]
[PlyCount "58"]
[EventDate "2021.10.17"]
[EventType "team-tourn"]
[EventRounds "11"]
[EventCountry "CZE"]
[SourceTitle "EXT 2024"]
[Source "ChessBase"]
[SourceDate "2023.10.10"]
[SourceVersion "1"]
[SourceVersionDate "2023.10.10"]
[SourceQuality "1"]
[WhiteTeam "Trinec II"]
[BlackTeam "Dolni Benesov"]
[WhiteTeamCountry "CZE"]
[BlackTeamCountry "CZE"]

1. d4 f5 2. Nf3 Nf6 3. g3 g6 4. c4 Bg7 5. Bg2 d6 6. 0-0 0-0 7. Nc3 c6 8. d5 e5 9. e4 Qe7 10. b3 c5 11. Ng5 Nxe4 12. Ncxe4 fxe4 13. Nxe4 h6 14. Be3 Nd7 15. Qd2 Kh7 16. b4 b6 17. b5 Nf6 18. Nxf6+ Qxf6 19. Be4 Bh3 20. Rfe1 Bf5 21. f3 Rf7 22. Rf1 Raf8 23. Qd3 h5 24. Kg2 Bh6 25. Bxh6 Kxh6 26. Qe3+ Kg7 27. Rae1 Bxe4 28. Qxe4 Qg5 29. h4 Qf5 1/2-1/2

[Event "CZE-chT2F 1920"]
[Site "Czech Republic"]
[Date "2020.06.28"]
[Round "11.6"]
[White "Vantuch, Lucian"]
[Black "Kvicala, Miroslav"]
[Result "1/2-1/2"]
[WhiteElo "1959"]
[BlackElo "2036"]
[PlyCount "150"]
[EventDate "2019.10.13"]
[EventType "team-tourn"]
[EventRounds "11"]
[EventCountry "CZE"]
[SourceTitle "EXT 2024"]
[Source "ChessBase"]
[SourceDate "2023.10.10"]
[SourceVersion "1"]
[SourceVersionDate "2023.10.10"]
[SourceQuality "1"]
[WhiteTeam "Frydek Mistek  III"]
[BlackTeam "Trinec II"]
[WhiteTeamCountry "CZE"]
[BlackTeamCountry "CZE"]

1. e4 e6 2. d4 d5 3. Nd2 c5 4. c3 cxd4 5. cxd4 dxe4 6. Nxe4 Nf6 7. Nc3 Bd6 8. Nf3 0-0 9. Bd3 Nc6 10. 0-0 Nb4 11. Bb1 Bd7 12. a3 Nbd5 13. Qd3 Bc6 14. Bg5 g6 15. Ne4 Be7 16. Bh6 Re8 17. Ne5 Nxe4 18. Qxe4 Rc8 19. Re1 Qd6 20. Ba2 Nf6 21. Qf4 Red8 22. Rad1 Be8 23. Bg5 Kg7 24. Qh4 Ng8 25. Nc4 Bxg5 26. Qxg5 Qe7 27. Qe5+ Qf6 28. d5 exd5 29. Rxd5 Bc6 30. Rxd8 Rxd8 31. h3 Bd5 32. b3 Bxc4 33. bxc4 Qxe5 34. Rxe5 Rd1+ 35. Kh2 Rd2 36. Bb3 Rxf2 37. Rb5 b6 38. Bd1 Nf6 39. a4 Rd2 40. Bf3 Rd4 41. a5 Rxc4 42. axb6 axb6 43. Rxb6 Rc7 44. Rb7 Rxb7 45. Bxb7 h5 46. Kg3 Nd7 47. Bc6 Ne5 48. Bb7 f5 49. Bc8 Kf6 50. Bb7 g5 51. Bc8 h4+ 52. Kf2 f4 53. Ba6 Kf5 54. Bc8+ Ke4 55. Bb7+ Kd4 56. Bc8 Kd3 57. Bb7 Kd2 58. Ba6 Kc3 59. Bb5 Kd4 60. Ba6 Kd5 61. Bb7+ Ke6 62. Bc8+ Kf6 63. Ba6 g4 64. hxg4 Kg5 65. Bc8 Nxg4+ 66. Kf3 Ne3 67. Bb7 Nf1 68. Bc8 Nh2+ 69. Ke4 Ng4 70. Kf3 Nh6 71. Ke4 Ng8 72. Kf3 Nf6 73. Be6 Nh7 74. Bc8 Nf6 75. Be6 Kg6 1/2-1/2

[Event "CZE-chT2F 1920"]
[Site "Czech Republic"]
[Date "2020.02.23"]
[Round "9.7"]
[White "Miculka, David"]
[Black "Kvicala, Miroslav"]
[Result "1/2-1/2"]
[WhiteElo "2045"]
[BlackElo "2036"]
[PlyCount "92"]
[EventDate "2019.10.13"]
[EventType "team-tourn"]
[EventRounds "11"]
[EventCountry "CZE"]
[SourceTitle "EXT 2024"]
[Source "ChessBase"]
[SourceDate "2023.10.10"]
[SourceVersion "1"]
[SourceVersionDate "2023.10.10"]
[SourceQuality "1"]
[WhiteTeam "Poruba Slavoj III"]
[BlackTeam "Trinec II"]
[WhiteTeamCountry "CZE"]
[BlackTeamCountry "CZE"]

1. e4 d5 2. exd5 Qxd5 3. Nc3 Qd6 4. d4 Nf6 5. Nf3 Bg4 6. g3 c6 7. Bg2 e6 8. 0-0 Be7 9. Bf4 Qd8 10. Qd2 Nbd7 11. Rfe1 0-0 12. h3 Bxf3 13. Bxf3 Nd5 14. Nxd5 cxd5 15. Rac1 Nb6 16. b3 a5 17. Qd3 Ba3 18. Rb1 Qd7 19. c4 Rac8 20. c5 Na8 21. Bd1 Nc7 22. Bc2 g6 23. h4 b6 24. Bh6 bxc5 25. Bxf8 Kxf8 26. dxc5 Bxc5 27. Qf3 Nb5 28. Bd3 Nc3 29. Rb2 Bd4 30. Rc2 Qd6 31. Rec1 e5 32. Qg4 Rc7 33. Qg5 e4 34. Bf1 f6 35. Qg4 f5 36. Qf4 Be5 37. Qd2 d4 38. Bc4 f4 39. Rxc3 dxc3 40. Qxd6+ Bxd6 41. gxf4 Bb4 42. a3 Bxa3 43. Rxc3 Bd6 44. Kg2 Re7 45. Bd5 Bxf4 46. Rc4 Bd6 1/2-1/2

[Event "CZE-chT1E 1920"]
[Site "Czech Republic"]
[Date "2020.02.16"]
[Round "8.2"]
[White "Kvicala, Miroslav"]
[Black "Taus, Martin"]
[Result "1/2-1/2"]
[WhiteElo "2036"]
[BlackElo "2144"]
[PlyCount "34"]
[EventDate "2019.10.20"]
[EventType "team-tourn"]
[EventRounds "11"]
[EventCountry "CZE"]
[SourceTitle "CBM 195 Extra"]
[Source "ChessBase"]
[SourceDate "2020.05.31"]
[SourceVersion "1"]
[SourceVersionDate "2020.05.31"]
[SourceQuality "1"]
[WhiteTeam "Trinec"]
[BlackTeam "Frydek Mistek II"]
[WhiteTeamCountry "CZE"]
[BlackTeamCountry "CZE"]

1. Nf3 e6 2. c4 d5 3. d4 c6 4. Qc2 f5 5. g3 Nf6 6. Bg2 Bd6 7. 0-0 0-0 8. Nc3 Ne4 9. c5 Bc7 10. Bf4 Nd7 11. Bxc7 Qxc7 12. e3 e5 13. b4 Nxc3 14. Qxc3 e4 15. Nd2 Nf6 16. f3 Bd7 17. a3 Rae8 1/2-1/2

[Event "CZE-chT2F 1920"]
[Site "Czech Republic"]
[Date "2020.02.09"]
[Round "8.6"]
[White "Funiok, Marcel"]
[Black "Kvicala, Miroslav"]
[Result "0-1"]
[WhiteElo "2087"]
[BlackElo "2036"]
[PlyCount "140"]
[EventDate "2019.10.13"]
[EventType "team-tourn"]
[EventRounds "11"]
[EventCountry "CZE"]
[SourceTitle "EXT 2024"]
[Source "ChessBase"]
[SourceDate "2023.10.10"]
[SourceVersion "1"]
[SourceVersionDate "2023.10.10"]
[SourceQuality "1"]
[WhiteTeam "Havirov Banik"]
[BlackTeam "Trinec II"]
[WhiteTeamCountry "CZE"]
[BlackTeamCountry "CZE"]

1. d4 d5 2. c4 e6 3. Nc3 Nf6 4. Bg5 Be7 5. e3 Nbd7 6. Nf3 0-0 7. Rc1 c6 8. Be2 dxc4 9. Bxc4 b5 10. Bd3 Bb7 11. 0-0 a6 12. Qe2 c5 13. Bxf6 Bxf6 14. Ne4 cxd4 15. Nxf6+ Nxf6 16. Nxd4 Qd5 17. Qf3 Qxd4 18. exd4 Bxf3 19. gxf3 Rfd8 20. Rfd1 Rd6 21. a4 bxa4 22. Rc4 Kf8 23. Rxa4 Rb8 24. Rd2 Rbb6 25. Kf1 Nd5 26. Ke1 Nb4 27. Be2 Rd5 28. h3 Ke7 29. Kd1 Rh5 30. Bf1 Rg5 31. Kc1 Rg1 32. Rd1 Kd6 33. Ra5 h6 34. Rc5 Rg5 35. Rxg5 hxg5 36. Bc4 Rb8 37. Rg1 Rh8 38. Rg3 Rh4 39. Rxg5 Rxd4 40. Rg4 Rxg4 41. hxg4 Kc5 42. Be2 g5 43. Kd2 Kd4 44. Bf1 a5 45. Bb5 f6 46. Be2 Nc6 47. Bb5 Ne5 48. Be2 Ng6 49. Ba6 Nf4 50. Bf1 e5 51. Kc2 Ne6 52. Bb5 Kc5 53. Be2 Kb4 54. Bd1 Kc4 55. Kd2 Kd4 56. Be2 Nc5 57. Bb5 e4 58. Bc6 exf3 59. Bxf3 Nd3 60. b3 Nxf2 61. Ke1 Ke3 62. Be2 Nd3+ 63. Kd1 Ne5 64. Ke1 Nc6 65. Bc4 Ne7 66. Kd1 f5 67. gxf5 Nxf5 68. Kc2 Kd4 69. Kb2 g4 70. Be6 g3 0-1

[Event "CZE-chT2F 1920"]
[Site "Czech Republic"]
[Date "2020.01.26"]
[Round "7.7"]
[White "Bares, Jachym"]
[Black "Kvicala, Miroslav"]
[Result "1-0"]
[WhiteElo "2089"]
[BlackElo "2036"]
[PlyCount "91"]
[EventDate "2019.10.13"]
[EventType "team-tourn"]
[EventRounds "11"]
[EventCountry "CZE"]
[SourceTitle "EXT 2024"]
[Source "ChessBase"]
[SourceDate "2023.10.10"]
[SourceVersion "1"]
[SourceVersionDate "2023.10.10"]
[SourceQuality "1"]
[WhiteTeam "Grygov Proclient"]
[BlackTeam "Trinec II"]
[WhiteTeamCountry "CZE"]
[BlackTeamCountry "CZE"]

1. e4 e6 2. d4 d5 3. Nc3 Nf6 4. e5 Nfd7 5. f4 c5 6. Nf3 Nc6 7. Be3 a6 8. Qd2 cxd4 9. Nxd4 Bc5 10. Nb3 Bxe3 11. Qxe3 Na5 12. Bd3 Nxb3 13. axb3 0-0 14. 0-0 Qb6 15. Qxb6 Nxb6 16. Ne2 Bd7 17. Nd4 f6 18. Rae1 f5 19. Re3 Nc8 20. g4 g6 21. gxf5 gxf5 22. Rh3 Ne7 23. Rh6 Ng6 24. Rf3 Kg7 25. Rh5 Rh8 26. Kf2 Rag8 27. Ke3 Kf7 28. Rfh3 Rg7 29. Rh6 Kg8 30. Be2 Bc8 31. Bh5 Nf8 32. Rf6 Rg1 33. Bf7+ Kg7 34. Rg3+ Rxg3+ 35. hxg3 h5 36. Bxe6 Bxe6 37. Nxe6+ Nxe6 38. Rxe6 h4 39. gxh4 Rxh4 40. Re7+ Kf8 41. Rxb7 Rh3+ 42. Kd4 Rf3 43. Kxd5 Rxf4 44. c4 Rf2 45. c5 Rxb2 46. c6 1-0

[Event "CZE-chT2F 1920"]
[Site "Czech Republic"]
[Date "2019.11.17"]
[Round "3.6"]
[White "Kvicala, Miroslav"]
[Black "Kanok, Jaroslav"]
[Result "0-1"]
[WhiteElo "2036"]
[BlackElo "2138"]
[PlyCount "70"]
[EventDate "2019.10.13"]
[EventType "team-tourn"]
[EventRounds "11"]
[EventCountry "CZE"]
[SourceTitle "EXT 2024"]
[Source "ChessBase"]
[SourceDate "2023.10.10"]
[SourceVersion "1"]
[SourceVersionDate "2023.10.10"]
[SourceQuality "1"]
[WhiteTeam "Trinec II"]
[BlackTeam "Ostrava Labortech II"]
[WhiteTeamCountry "CZE"]
[BlackTeamCountry "CZE"]

1. d4 Nf6 2. Nf3 g6 3. c4 Bg7 4. Nc3 d6 5. e4 c6 6. Be2 0-0 7. 0-0 Qc7 8. h3 e5 9. d5 c5 10. Be3 Na6 11. Ne1 Qe7 12. Nd3 Nb4 13. a3 Nxd3 14. Qxd3 Nd7 15. b4 b6 16. bxc5 bxc5 17. Rab1 f5 18. f3 f4 19. Bf2 g5 20. Rb2 h5 21. Rfb1 Nf6 22. Rb8 Rxb8 23. Rxb8 Qc7 24. Qb1 g4 25. fxg4 hxg4 26. Bxg4 Nxg4 27. hxg4 f3 28. Rb3 Qf7 29. Nb5 fxg2 30. Qc2 Bxg4 31. Rg3 Bf3 32. Rxg2 Bxg2 33. Kxg2 Qf3+ 34. Kf1 Qh1+ 35. Ke2 Rxf2+ 0-1

[Event "CZE-chT1E 1819"]
[Site "Czech Republic"]
[Date "2018.11.25"]
[Round "3.8"]
[White "Kvicala, Miroslav"]
[Black "Brozka, Karel"]
[Result "1-0"]
[WhiteElo "2016"]
[BlackElo "1717"]
[PlyCount "87"]
[EventDate "2018.10.21"]
[EventType "team-tourn"]
[EventRounds "11"]
[EventCountry "CZE"]
[SourceTitle "CBM 187 Extra"]
[Source "ChessBase"]
[SourceDate "2018.11.04"]
[SourceVersion "1"]
[SourceVersionDate "2018.11.04"]
[SourceQuality "1"]
[WhiteTeam "Trinec"]
[BlackTeam "Polabiny III"]
[WhiteTeamCountry "CZE"]
[BlackTeamCountry "CZE"]

1. d4 Nf6 2. Nf3 g6 3. c4 c5 4. d5 b5 5. cxb5 a6 6. bxa6 Bxa6 7. Nc3 d6 8. e4 Bxf1 9. Kxf1 Bg7 10. g3 0-0 11. Kg2 Nbd7 12. h3 Ra6 13. Re1 Qa8 14. Qc2 Rb8 15. Bg5 h6 16. Bf4 Nb6 17. Rad1 Nh5 18. e5 Na4 19. Bc1 Nxc3 20. Qxc3 Ra4 21. a3 Qb7 22. Qe3 Qb3 23. Rd3 Qb5 24. b3 Ra6 25. a4 Qb7 26. g4 f5 27. gxh5 g5 28. Nxg5 dxe5 29. Qf3 Rf8 30. Ne4 fxe4 31. Qxe4 Raf6 32. Re2 Rf5 33. Rg3 Kh8 34. Rg6 Kh7 35. Be3 Qd7 36. Rd2 R8f6 37. Qg4 Rf7 38. Re6 R7f6 39. Rxf6 Bxf6 40. Qg6+ Kh8 41. Qxh6+ Kg8 42. Qg6+ Kh8 43. Qg4 Kh7 44. a5 1-0

[Event "CZE-chT2F 1819"]
[Site "Czech Republic"]
[Date "2018.11.18"]
[Round "3.7"]
[White "Zimniok, Lubomir"]
[Black "Kvicala, Miroslav"]
[Result "1/2-1/2"]
[WhiteElo "2022"]
[BlackElo "2025"]
[PlyCount "143"]
[EventDate "2018.10.14"]
[EventType "team-tourn"]
[EventRounds "11"]
[EventCountry "CZE"]
[SourceTitle "EXT 2022"]
[Source "ChessBase"]
[SourceDate "2021.10.06"]
[SourceVersion "1"]
[SourceVersionDate "2021.10.06"]
[SourceQuality "1"]
[WhiteTeam "Karvina"]
[BlackTeam "Trinec II"]
[WhiteTeamCountry "CZE"]
[BlackTeamCountry "CZE"]

1. e4 d5 2. exd5 Qxd5 3. Nc3 Qd6 4. Bc4 Nf6 5. Nge2 a6 6. d3 b5 7. Bb3 Bb7 8. f3 e6 9. Bf4 Qd8 10. Qd2 Bd6 11. Bxd6 cxd6 12. a4 b4 13. Ne4 a5 14. Qf4 e5 15. Nxf6+ Qxf6 16. Qxf6 gxf6 17. Ng3 Nd7 18. Nf5 Ra6 19. Bc4 Rb6 20. Ne3 Bc6 21. Bb5 Bxb5 22. axb5 Rxb5 23. Nf5 Rc5 24. Nxd6+ Ke7 25. Nc4 Rb8 26. Rxa5 Rxa5 27. Nxa5 Ra8 28. Nb3 Nc5 29. Kd2 Nxb3+ 30. cxb3 Ra2 31. Kc2 f5 32. Rc1 Ra8 33. Kd2 Ra2 34. Rc2 Kd6 35. g3 h5 36. Ke3 Kd5 37. f4 f6 38. Rf2 Ke6 39. fxe5 fxe5 40. Rc2 Kd5 41. h4 Ra8 42. Rc4 Rg8 43. Kf2 Rb8 44. Kf3 Rb5 45. Ke3 Rb8 46. d4 exd4+ 47. Rxd4+ Ke5 48. Rc4 Rg8 49. Kf3 Rd8 50. Rc5+ Kf6 51. Ke3 Rg8 52. Kf4 Rg4+ 53. Kf3 Rd4 54. Rc4 Rd3+ 55. Kf4 Rxb3 56. Rc5 Rxb2 57. Rxf5+ Kg6 58. Rg5+ Kh6 59. Rb5 Rb3 60. Rb6+ Kg7 61. Rb5 Kh6 62. Rb8 Kg6 63. Ke4 Kg7 64. Kf4 Kg6 65. Rg8+ Kh6 66. Ke4 Rb2 67. Kd3 Kh7 68. Rg5 Kh6 69. Kc4 Rb1 70. Kd3 Rb2 71. Rg8 Kh7 72. Rg5 1/2-1/2

[Event "CZE-chT1E 1718"]
[Site "Czech Republic"]
[Date "2018.02.04"]
[Round "7.5"]
[White "Kvicala, Miroslav"]
[Black "Stalmach, Richard"]
[Result "1/2-1/2"]
[WhiteElo "2021"]
[BlackElo "1899"]
[PlyCount "92"]
[EventDate "2017.10.22"]
[EventType "team-tourn"]
[EventRounds "11"]
[EventCountry "CZE"]
[SourceTitle "EXT 2019"]
[Source "ChessBase"]
[SourceDate "2018.10.10"]
[SourceVersion "1"]
[SourceVersionDate "2018.10.10"]
[SourceQuality "1"]
[WhiteTeam "Trinec"]
[BlackTeam "Frydek Mistek II"]
[WhiteTeamCountry "CZE"]
[BlackTeamCountry "CZE"]

1. c4 f5 2. Nf3 Nf6 3. Nc3 g6 4. g3 Bg7 5. Bg2 0-0 6. 0-0 d6 7. d3 Nc6 8. Rb1 a5 9. a3 Nh5 10. Bd2 f4 11. b4 axb4 12. axb4 Bg4 13. Nd5 e5 14. b5 Ne7 15. Nxe7+ Qxe7 16. Qb3 c6 17. Bc3 fxg3 18. hxg3 Nf6 19. bxc6 bxc6 20. c5+ Nd5 21. cxd6 Qxd6 22. Bb4 Qxb4 23. Qxb4 Nxb4 24. Rxb4 h5 25. Rb6 Ra2 26. Rxc6 Rxe2 27. Ng5 Bf5 28. Bd5+ Kh8 29. Bc4 Rc2 30. Ne4 Rc8 31. Rxc8+ Bxc8 32. Ra1 Bb7 33. Ba6 Bd5 34. Rb1 Kh7 35. Rb8 Rc1+ 36. Kg2 Rc6 37. Bb5 Rc5 38. Ba6 Kh6 39. Rc8 Rxc8 40. Bxc8 g5 41. f3 Bc6 42. Ba6 Kg6 43. Bc4 Bf8 44. Be6 Bb5 45. Bc4 Bxc4 46. dxc4 Kf5 1/2-1/2

[Event "CZE-chT2F 1718"]
[Site "Czech Republic"]
[Date "2017.12.17"]
[Round "5.5"]
[White "Kocur, Valter"]
[Black "Kvicala, Miroslav"]
[Result "1/2-1/2"]
[WhiteElo "1988"]
[BlackElo "2021"]
[PlyCount "40"]
[EventDate "2017.10.15"]
[EventType "team-tourn"]
[EventRounds "11"]
[EventCountry "CZE"]
[SourceTitle "EXT 2022"]
[Source "ChessBase"]
[SourceDate "2021.10.06"]
[SourceVersion "1"]
[SourceVersionDate "2021.10.06"]
[SourceQuality "1"]
[WhiteTeam "Benesov Dolni"]
[BlackTeam "Trinec II"]
[WhiteTeamCountry "CZE"]
[BlackTeamCountry "CZE"]

1. c4 Nf6 2. Nc3 e5 3. g3 Nc6 4. Bg2 g6 5. Nf3 Bg7 6. 0-0 0-0 7. d4 d6 8. h3 a5 9. dxe5 Nxe5 10. Nxe5 dxe5 11. Qxd8 Rxd8 12. Bg5 Rf8 13. Rad1 c6 14. Rd6 Be6 15. Rfd1 h6 16. Be3 Bxc4 17. b3 Be6 18. Na4 Nd5 19. Bxd5 cxd5 20. Nc5 Rfd8 1/2-1/2

[Event "CZE-chT2F 1516"]
[Site "Czech Republic"]
[Date "2016.02.21"]
[Round "8.28"]
[White "Kovar, Oldrich"]
[Black "Kvicala, Miroslav"]
[Result "1/2-1/2"]
[WhiteElo "2002"]
[BlackElo "2011"]
[PlyCount "37"]
[EventDate "2015.10.18"]
[EventType "team-tourn"]
[EventRounds "11"]
[EventCountry "CZE"]
[SourceTitle "EXT 2022"]
[Source "ChessBase"]
[SourceDate "2021.10.06"]
[SourceVersion "1"]
[SourceVersionDate "2021.10.06"]
[SourceQuality "1"]
[WhiteTeam "Ostrava Labortech II"]
[BlackTeam "Trinec II"]
[WhiteTeamCountry "CZE"]
[BlackTeamCountry "CZE"]

1. e4 e6 2. d4 d5 3. Nc3 Nf6 4. e5 Nfd7 5. f4 c5 6. Nf3 Nc6 7. Bb5 Nxd4 8. Nxd4 cxd4 9. Qxd4 Qc7 10. Be3 a6 11. Bxd7+ Bxd7 12. 0-0 Rc8 13. a3 Bc5 14. Qxc5 Qxc5 15. Bxc5 Rxc5 16. Rf2 Ke7 17. Rd1 g6 18. Rd4 Rhc8 19. Rfd2 1/2-1/2

[Event "CZE-chT2F 1516"]
[Site "Czech Republic"]
[Date "2016.01.24"]
[Round "6.38"]
[White "Blumel, Michal"]
[Black "Kvicala, Miroslav"]
[Result "1/2-1/2"]
[WhiteElo "1847"]
[BlackElo "2011"]
[PlyCount "29"]
[EventDate "2015.10.18"]
[EventType "team-tourn"]
[EventRounds "11"]
[EventCountry "CZE"]
[SourceTitle "EXT 2022"]
[Source "ChessBase"]
[SourceDate "2021.10.06"]
[SourceVersion "1"]
[SourceVersionDate "2021.10.06"]
[SourceQuality "1"]
[WhiteTeam "Kromeriz Slavia II"]
[BlackTeam "Trinec II"]
[WhiteTeamCountry "CZE"]
[BlackTeamCountry "CZE"]

1. e4 e6 2. d4 d5 3. exd5 exd5 4. Nf3 Bd6 5. Nc3 c6 6. Bd3 Bg4 7. h3 Bh5 8. g4 Bg6 9. Ne5 Nd7 10. Nxg6 hxg6 11. Qe2+ Qe7 12. Qxe7+ Nxe7 13. Bd2 0-0-0 14. 0-0-0 Rde8 15. Rde1 1/2-1/2

[Event "CZE-chT2F 1314"]
[Site "Czech Republic"]
[Date "2013.11.17"]
[Round "2.28"]
[White "Zatloukal, Petr"]
[Black "Kvicala, Miroslav"]
[Result "1-0"]
[WhiteElo "2114"]
[BlackElo "2020"]
[PlyCount "77"]
[EventDate "2013.11.03"]
[EventType "team-tourn"]
[EventRounds "11"]
[EventCountry "CZE"]
[SourceTitle "EXT 2016"]
[Source "ChessBase"]
[SourceDate "2015.10.08"]
[SourceVersion "1"]
[SourceVersionDate "2015.10.08"]
[SourceQuality "1"]
[WhiteTeam "Prerov II"]
[BlackTeam "Trinec II"]
[WhiteTeamCountry "CZE"]
[BlackTeamCountry "CZE"]

1. e4 e6 2. d4 d5 3. Nd2 Nf6 4. e5 Nfd7 5. Bd3 c5 6. c3 Nc6 7. Ne2 cxd4 8. cxd4 f6 9. exf6 Nxf6 10. Nf3 Bd6 11. Bf4 Qc7 12. Bxd6 Qxd6 13. 0-0 0-0 14. Rc1 Bd7 15. a3 Rac8 16. b4 a6 17. Ng3 Rc7 18. Re1 Rfc8 19. Rc5 b6 20. Rc2 Nb8 21. Rxc7 Rxc7 22. Ne5 Bc8 23. h3 Nc6 24. Bb1 Qd8 25. Qd3 g6 26. Qe3 Nxe5 27. Qxe5 Ne8 28. Ne2 Qf6 29. Qg3 Rf7 30. Rc1 Qd8 31. Rc6 Bd7 32. Rc3 Nf6 33. Qd6 Ne8 34. Qe5 Rf5 35. Qe3 Nd6 36. Bxf5 Nxf5 37. Qe5 Qg5 38. Nf4 Qd8 39. Nxe6 1-0